000 01287nam0a22002411 4500
001 rc\1148353
005 20041129084546.6
035 _a(NLR Aleph) 006394042
090 _a5176472
_c5176472
100 _a20041129d1980 u |0rusy50 ca
101 0 _arus
102 _aRU
105 _ay |||||||||
200 1 _aМетодические рекомендации по военно-патриотическому воспитанию учащихся общеобразовательных школ во внеучебное время
_eРабота воен. руководителя
_fМ-во просвещения АзССР, Респ. метод. каб. по науч. воен. подгот. и воен.-патриот. воспитанию учащихся
_g[Сост. Рустамов Э.Г., Фельдман И.И.]
210 _aБаку
_cБ. и.
_d1980
215 _a39 с.
_d20
702 1 _aРустамов
_bЭ. Г.
_4220
712 0 2 _aАзербайджанский респ. метод. кабинет начальной военной подготовки и военно-патриотического воспитания учащихся
_cБаку
801 0 _aRU
_bNLR
_gpsbo
801 1 _aRU
_bELAR
_2rusmarc
852 _aNLR
_j81-4/11619
942 _cBOOK
980 _aNB